000 00641nam a2200265 a 4500
003 AR-BaBNM
005 20251128210911.0
008 082120s2002 ||||||||||||||000 | spa||
020 _a950-739-536-9
040 _cAR-BaBNM
100 1 _aGibran, Khalil
245 0 0 _aEl loco
260 _aBuenos Aires
_bErrepar
_c1999
300 _a120 p.
490 0 _aClásicos de bolsillo
_vv. 11
650 4 _aCUENTOS
650 4 _aLITERATURA ARABE
650 4 _aLITERATURA CONTEMPORANEA
650 4 _aFILOSOFIA LITERARIA
653 _aFILOSOFIA MORAL
653 _aNARRATIVA
655 _aLITERATURA
942 _cBK
998 _cMARTIN
999 _c17368
_d17368